[Event "IRI-ch U12"]
[Site "Chess.com INT"]
[Date "2021.01.16"]
[Round "7"]
[White "Jahanbin, Pasha"]
[Black "Asvar, Mohammad Matin"]
[Result "0-1"]
[WhiteElo "1056"]
[BlackElo "1366"]
[PlyCount "50"]
[EventDate "2021.01.16"]
[EventType "swiss"]
[EventRounds "11"]
[EventCountry "IRI"]
[SourceTitle "EXT 2022"]
[Source "ChessBase"]
[SourceDate "2021.10.06"]
[SourceVersion "1"]
[SourceVersionDate "2021.10.06"]
[SourceQuality "1"]

1. e4 c5 2. Nf3 g6 3. d4 cxd4 4. Nxd4 Bg7 5. Nc3 Nc6 6. Be3 d6 7. Bb5 Bd7 8. Bc4 Nf6 9. Nxc6 Bxc6 10. Qf3 0-0 11. 0-0 Nd7 12. Rad1 Ne5 13. Qe2 a6 14. Bf4 Qb6 15. Bb3 a5 16. Nd5 Bxd5 17. Bxd5 e6 18. Bb3 a4 19. Bc4 Nxc4 20. Qxc4 Rfc8 21. Qe2 Qxb2 22. Bxd6 Qxa2 23. Qb5 Qxc2 24. Qxb7 Qc6 25. Qb2 Bxb2 0-1